000 00665nam a2200241Ia 4500
003 OSt
005 20220923230951.0
006 a|||||r|||| 00| 0
007 ta
008 220922b |||||||| |||| 00| 0 san d
024 _a327,184
037 _cTextual
040 _aARTS
_cARTS
_bsan
041 _2san
_asan
082 _aO15,1D40,2, M5
100 _aदामभर कुमार, ले.
245 0 _aदेवधर
246 _aDevadhara
260 _c1985
650 _aसंस्कृत कविता
_9156350
942 _hO15,1D40,2, M5
_cTEXL
_2CC
999 _c388494
_d388494